000 00680nam a2200205 a 4500
001 000009995
005 20240412074214.0
008 091002s2003 dr 000 0 spa d
040 _aDO-SdBNP
_bspa
_cBNPHU
082 _aRD861.44
_bP579ar
100 1 _aPiña, Jorge
_924939
245 1 0 _aArs metaonírica :
_b(los manifiestos de la metapoesía) /
_cJorge Piña.
260 _aSanto Domingo :
_bBuho,
_c2003.
300 _a123 p. ;
_c22 cm.
500 _aIncluye datos biográficos del autor en la solapa de la cubierta
590 _aInventariado, 2019/LP
650 0 _aPoesía dominicana
_966
650 0 _aLiteratura dominicana.
_967
910 _aValidado. Control de calidad MFF
999 _c9754
_d9754